政令市に隣接する村 - Statistics

General Stats
  • This quiz has been taken 162 times
  • The average score is 4 of 8
Answer Stats
Answer % Correct
飛島村
67%
清川村
61%
赤井川村
59%
弥彦村
56%
天龍村
56%
豊根村
48%
大鹿村
46%
道志村
42%
No matching quizzes found
Score Distribution
Percent of People with Each Score
Percentile by Number Answered
Your Score History
You have not taken this quiz